MEDICAL MICROBIOLOGY / (Record no. 795706)

MARC details
000 -LEADER
fixed length control field 00504pam a2200193 a 4500
020 ## - INTERNATIONAL STANDARD BOOK NUMBER
International Standard Book Number 0323033032
Terms of availability 3495.00
041 ## - LANGUAGE CODE
Language code of text/sound track or separate title eng
Language code of original NULL
082 ## - DEWEY DECIMAL CLASSIFICATION NUMBER
Classification number 616.9041
Item number MUR/ROS
100 ## - MAIN ENTRY--PERSONAL NAME
Personal name MURRY, P .
245 ## - TITLE STATEMENT
Title MEDICAL MICROBIOLOGY /
Statement of responsibility, etc. NULL.
Medium Textual Documents
250 ## - EDITION STATEMENT
Edition statement 5 /
Remainder of edition statement .
260 ## - PUBLICATION, DISTRIBUTION, ETC.
Place of publication, distribution, etc. NULL :
Name of publisher, distributor, etc. ELSEVIER ,
Date of publication, distribution, etc. 2005.
300 ## - PHYSICAL DESCRIPTION
Extent 963 :
Other physical details X ;
Dimensions NULL .
365 ## - TRADE PRICE
Price type code 3495.00
650 ## - SUBJECT ADDED ENTRY--TOPICAL TERM
Topical term or geographic name entry element MICROBIOLOGY
700 ## - ADDED ENTRY--PERSONAL NAME
Personal name ROSENTHAL , K .
-- PFALLER, M .
930 ## - EQUIVALENCE OR CROSS-REFERENCE-UNIFORM TITLE HEADING [LOCAL, CANADA]
Uniform title 1170
Holdings
Withdrawn status Lost status Source of classification or shelving scheme Damaged status Not for loan Home library Current library Date acquired Cost, normal purchase price Total Checkouts Full call number Barcode Date last seen Copy number Price effective from Koha item type
    Dewey Decimal Classification     Medical College & Hospital, Sangli Medical College & Hospital, Sangli 28/11/2011 3495.00   616.9041 MUR/ROS MCS-3279 26/07/2023 1 26/07/2023 Book